00680nam a2200193Ia 4500008004100000020001500041082001600056100002200072245012000094250000700214260003100221300003000252500001900282600001500301650001500316942000700331952013300338999001500471240925s9999 xx 000 0 und d a1853837733 a658.15. HOL aHolloway, Richard 0aTowards Financial Self-reliance: a hand book on resource mobilization for civil society organizations in the south  aNA aLondon:bEarthscanc,2001. axxii,1076p.bNAfOriginal aIncludes Index aManagement aManagement cBK 001040708MANaUITUbUITUd2001-10-30eNGO Resource Centreg450.00l0o658.15. HOLpQ4067r2024-09-25 07:13:22w2024-09-25yBK c6566d6566